=LDR 00000nam 2200000 4500 =001 001133 =005 20250713072329 =035 ##$$a 0010-0725001017 =007 ta =008 250713################a##########0#ind## =020 ##$$a 978-602-244-279-0 =082 ##$$a 398. 209 598 =084 ##$$a 398. 209 598 YUN f =100 #$$a Yuniar khairani =245 1#$$a Feng /$c Yuniar khairani =250 ##$$a Cetakan pertama =260 ##$$a Jakarta pusat :$b Badan Pengembangan dan Pembinaan Bahasa,$c 2019 =300 ##$$a 32hlm. : $b Ilus. ; $c 25cm =650 #4$$a Cerita anak Indonesia-Terjemahan